Actors who worked with Jan de Bont - Statistics

General Stats
  • This quiz has been taken 8 times
  • The average score is 12 of 25
Answer Stats
Films Answer % Correct
Lara Croft: Tomb Raider – The Cradle of Life Angelina Jolie
100%
Speed Keanu Reeves
100%
Speed, Speed 2: Cruise Control Sandra Bullock
100%
Twister Bill Paxton
86%
Speed Dennis Hopper
71%
Speed Jeff Daniels
71%
Speed 2: Cruise Control Willem Dafoe
71%
Twister Helen Hunt
57%
Speed 2: Cruise Control Jason Patric
57%
The Haunting Liam Neeson
57%
The Haunting Owen Wilson
57%
Twister Cary Elwes
43%
The Haunting Catherine Zeta-Jones
43%
Lara Croft: Tomb Raider – The Cradle of Life Gerard Butler
43%
Speed, Speed 2: Cruise Control Glenn Plummer
43%
Speed Beth Grant
29%
Twister Jami Gertz
29%
Speed, Speed 2: Cruise Control Joe Morton
29%
The Haunting Lili Taylor
29%
Lara Croft: Tomb Raider – The Cradle of Life Noah Taylor
29%
Lara Croft: Tomb Raider – The Cradle of Life Ciarán Hinds
14%
Speed 2: Cruise Control Colleen Camp
14%
Lara Croft: Tomb Raider – The Cradle of Life Djimon Hounsou
14%
Speed Richard Schiff
14%
Speed 2: Cruise Control Temura Morrison
14%
No matching quizzes found
Score Distribution
Percent of People with Each Score
Percentile by Number Answered
Your Score History
You have not taken this quiz